Fußball Top 10 #13 (wertvollste Spieler der Geschichte) - Statistiken

Allgemein
  • Dieses Quiz wurde 281 mal gespielt
    280 seit der letzten Aktualisierung
  • Das Durchschnittsergebnis liegt bei 7 aus 10
Antwortstatistiken
Platz Marktwert (in Mio.) Spieler % Korrekt
6 180 (2018) Lionel Messi
95%
3 200 (2018) Kylian Mbappé
93%
1 200 (2024) Erling Haaland
90%
5 180 (2018) Neymar jr.
83%
2 200 (2024) Vinicius jr.
80%
10 150 (—) Mane, Salah, Kane,Griezmann, De Bruyne, Coutinho, Hazard
75%
4 180 (2023) Jude Bellingham
74%
8 150 (2024) Lamine Yamal
58%
9 150 (2024) Phil Foden
47%
7 160 (2019) Raheem Sterling
8%
Keine übereinstimmenden Quizze gefunden
Verteilung der Resultate
Anzahl Personen mit jedem Resultat
Perzentil nach korrekt beantworteten Fragen
Ihre Resultats-Entwicklung
Sie haben dieses Quiz seit der letzten Aktualisierung nicht gespielt